| 000 | 00684nam a2200217 u 4500 | ||
|---|---|---|---|
| 005 | 20240517063651.0 | ||
| 008 | 121017s2001 r 000 0 eng d | ||
| 020 | _a9789682463747 | ||
| 035 | _aUPN01000187624 | ||
| 049 | _aI | ||
| 050 | 4 |
_aPZ75 _bT5.5 |
|
| 100 | 1 |
_aRobles Boza, Eduardo, _d1941-2012 _929633 |
|
| 245 | 1 | 0 |
_aMi amigo tiene miedo / _cEduardo Robles Boza ; il. de Silvia Luz Alvarado. |
| 260 |
_aMéxico : _bTrillas, _c2001. |
||
| 300 |
_a[32] p. : _bprincipalmente il. col. |
||
| 440 | 4 | _aLos problemas de mi amigo | |
| 650 | 7 |
_aLibros ilustrados para niños _2 _921365 |
|
| 650 | 4 |
_aMiedo _vLiteratura infantil _912306 |
|
| 905 | _aInfantil | ||
| 999 |
_c159727 _d159727 |
||